[Event "4th Al Ain Chess Classic"]
[Site "Al-Ain UAE"]
[Date "2015.12.27"]
[EventDate "2015.12.23"]
[Round "6.1"]
[Result "1/2-1/2"]
[White "Alexey Shirov"]
[Black "Wang Hao"]
[WhiteElo "2676"]
[BlackElo "2707"]
[PlyCount "70"]

1. e4 e5 2. Nf3 Nc6 3. Bb5 Nf6 4. O-O Nxe4 5. Re1 Nd6 6. Nxe5
Be7 7. Bf1 Nxe5 8. Rxe5 O-O 9. Nc3 Bf6 10. Re1 Re8 11. Nd5
Rxe1 12. Qxe1 b6 13. d3 Bb7 14. Nxf6+ Qxf6 15. Qc3 Qxc3
16. bxc3 Nf5 17. f3 Re8 18. Kf2 Bc6 19. Bf4 d6 20. d4 f6
21. Bd3 g6 22. a4 a5 23. Bxf5 gxf5 24. c4 Rb8 25. c3 Kf7
26. c5 bxc5 27. dxc5 Rb2+ 28. Kg3 Rc2 29. cxd6 cxd6 30. Bxd6
Rxc3 31. Re1 Rd3 32. Re7+ Kg6 33. Bc5 Bxa4 34. Ra7 Bd7
35. Rxa5 Rd5 1/2-1/2

[Event "4th Al Ain Chess Classic"]
[Site "Al-Ain UAE"]
[Date "2015.12.28"]
[EventDate "2015.12.23"]
[Round "7.1"]
[Result "1-0"]
[White "Wang Hao"]
[Black "Mikhael Mchedlishvili"]
[WhiteElo "2707"]
[BlackElo "2635"]
[PlyCount "87"]

1. c4 e5 2. Nc3 Nf6 3. g3 Bb4 4. Bg2 O-O 5. e4 Bxc3 6. bxc3 c6
7. Nf3 Nxe4 8. O-O d6 9. Nxe5 Ng5 10. Ng4 f5 11. f4 Ne4
12. Ne3 Nf6 13. Qc2 g6 14. Ba3 Na6 15. d4 Rb8 16. Rfe1 Re8
17. Re2 Be6 18. Rae1 Bf7 19. Qd3 Nc7 20. d5 c5 21. Bc1 Qd7
22. Qc2 Kf8 23. h3 h5 24. Bf3 a6 25. a4 b5 26. cxb5 axb5
27. c4 bxc4 28. Bb2 Ne4 29. Bxe4 Rxe4 30. Nxc4 Nxd5 31. Nxd6
Rxb2 32. Qxb2 Qxd6 33. Rxe4 fxe4 34. Rxe4 Nf6 35. Re3 Kg7
36. a5 h4 37. g4 Qxf4 38. Qe5 g5 39. a6 Bd5 40. Qxf4 gxf4
41. Re5 Bf3 42. Rxc5 Ne4 43. Rf5 Ng3 44. Rxf4 1-0

[Event "4th Al Ain Chess Classic"]
[Site "Al-Ain UAE"]
[Date "2015.12.29"]
[EventDate "2015.12.23"]
[Round "8.1"]
[Result "1-0"]
[White "Wang Hao"]
[Black "Abhijeet Gupta"]
[WhiteElo "2707"]
[BlackElo "2613"]
[PlyCount "81"]

1. c4 Nf6 2. d4 g6 3. g3 c6 4. Bg2 d5 5. e3 Bg7 6. Ne2 O-O
7. O-O dxc4 8. Na3 Bf5 9. Nxc4 Nbd7 10. Nc3 Be6 11. b3 Nb6
12. Na5 Rb8 13. e4 Bg4 14. f3 Nxe4 15. Nxe4 Bxd4+ 16. Kh1 Bxa1
17. Qxd8 Rbxd8 18. fxg4 f5 19. Bh6 fxe4 20. Rxa1 Rf2 21. Nxb7
Rd5 22. Kg1 Re2 23. Bf1 Rc2 24. Bc4 Nxc4 25. bxc4 Rd3 26. Nc5
Rd8 27. Nxe4 Rxc4 28. Re1 Rc2 29. a4 Kf7 30. Ng5+ Ke8 31. Nxh7
Rb8 32. Bg5 Rb7 33. h4 Kf7 34. Be3 Rb4 35. Ng5+ Ke8 36. a5 c5
37. a6 Rbb2 38. Ne4 c4 39. Bxa7 Ra2 40. Rb1 c3 41. Bd4 1-0

[Event "4th Al Ain Chess Classic"]
[Site "Al-Ain UAE"]
[Date "2015.12.30"]
[EventDate "2015.12.23"]
[Round "9.1"]
[Result "1/2-1/2"]
[White "Yuriy Kryvoruchko"]
[Black "Wang Hao"]
[WhiteElo "2711"]
[BlackElo "2707"]
[PlyCount "60"]

1. e4 c5 2. Nf3 Nc6 3. Bb5 g6 4. O-O Bg7 5. Nc3 Nf6 6. e5 Ng4
7. Bxc6 dxc6 8. Re1 Nh6 9. h3 Nf5 10. d3 Nd4 11. Bf4 O-O
12. Ne4 b6 13. a4 a5 14. Nfd2 Ra7 15. Nc4 Bf5 16. Bg3 Ne6
17. Bh2 b5 18. Ncd2 c4 19. dxc4 Rd7 20. Qe2 Bh6 21. Nf3 Nd4
22. Nxd4 Rxd4 23. Ng3 Rd2 24. Qf3 Bxc2 25. axb5 cxb5 26. cxb5
Rd3 27. Qc6 Bb3 28. Ne4 Bd5 29. Qc2 Bxe4 30. Rxe4 Qd5 1/2-1/2

[Event "IMSA Elite Mind Games (Blitz)"]
[Site "Huai'an CHN"]
[Date "2016.02.28"]
[EventDate "2016.02.28"]
[Round "1.2"]
[Result "0-1"]
[White "Wang Hao"]
[Black "Pentala Harikrishna"]
[WhiteElo "2717"]
[BlackElo "2753"]
[PlyCount "95"]

1. d4 Nf6 2. c4 e6 3. Nf3 d5 4. Nc3 c5 5. cxd5 Nxd5 6. e4 Nxc3
7. bxc3 cxd4 8. cxd4 Bb4+ 9. Bd2 Bxd2+ 10. Qxd2 O-O 11. Bc4
Nd7 12. O-O b6 13. Rfe1 Bb7 14. a4 Rc8 15. Bd3 a5 16. h3 h6
17. Bc2 Qc7 18. Rac1 Qc3 19. Qf4 Qa3 20. Ra1 Qc3 21. Rac1 Qa3
22. d5 exd5 23. e5 Nc5 24. Bf5 Nd3 25. Bxd3 Qxd3 26. Rcd1 Rc4
27. Nd4 Qg6 28. Re3 Qg5 29. Qxg5 hxg5 30. Rb3 Rxa4 31. Rxb6
Bc8 32. Rd6 Rc4 33. Rxd5 a4 34. g4 a3 35. Nf5 Ra4 36. R5d4
Rxd4 37. Rxd4 Bxf5 38. gxf5 Ra8 39. Rd1 a2 40. Ra1 Kf8 41. Kg2
Ra3 42. f3 Ke7 43. Kg3 Ra4 44. Kf2 g6 45. fxg6 fxg6 46. Ke3
Ke6 47. h4 gxh4 48. f4 0-1

[Event "IMSA Elite Mind Games (Blitz)"]
[Site "Huai'an CHN"]
[Date "2016.02.28"]
[EventDate "2016.02.28"]
[Round "2.8"]
[Result "1/2-1/2"]
[White "Laurent Fressinet"]
[Black "Wang Hao"]
[WhiteElo "2700"]
[BlackElo "2717"]
[PlyCount "143"]

1. Nf3 d5 2. g3 Bg4 3. Bg2 e6 4. O-O Nf6 5. d3 Nbd7 6. h3 Bh5
7. Qe1 Bd6 8. e4 Bxf3 9. Bxf3 O-O 10. Bg2 c6 11. f4 e5 12. Nc3
Re8 13. f5 Bb4 14. Bd2 dxe4 15. dxe4 Nb6 16. Rd1 Nc4 17. Bc1
Qb6+ 18. Kh2 Rad8 19. Rd3 Rxd3 20. cxd3 Nd6 21. Be3 Qd8
22. Qe2 Nd7 23. Nd1 Bc5 24. Nf2 Bxe3 25. Qxe3 Qb6 26. Qe2 Nb5
27. g4 Nd4 28. Qd2 a5 29. a3 Nc5 30. f6 Nce6 31. fxg7 Qd8
32. Nd1 Nf4 33. Ne3 Kxg7 34. Nc4 f6 35. Nxa5 b5 36. b4 Rh8
37. Qc3 Qd7 38. Nb3 Nxb3 39. Qxb3 h5 40. g5 fxg5 41. Qc3 Qd6
42. Rc1 Rh6 43. Bf1 g4 44. Qc5 gxh3 45. Qxd6 Rxd6 46. Rc5 Kf6
47. Rc3 h4 48. Rc5 Ne6 49. Rc2 Nf4 50. Rc5 Ke6 51. Bxh3+ Nxh3
52. Kxh3 Rxd3+ 53. Kxh4 Kd6 54. a4 bxa4 55. Ra5 a3 56. Kg5 Rf3
57. Ra8 Kc7 58. Ra5 Kd6 59. Ra8 Rf4 60. Rxa3 Rxe4 61. Rb3 Rf4
62. b5 cxb5 63. Rxb5 Rf8 64. Kg4 e4 65. Kg3 Ke6 66. Kg2 Rf3
67. Ra5 Rf7 68. Rb5 Kd6 69. Ra5 Rf4 70. Rb5 e3 71. Rb3 Re4
72. Kf1 1/2-1/2

[Event "IMSA Elite Mind Games (Blitz)"]
[Site "Huai'an CHN"]
[Date "2016.02.28"]
[EventDate "2016.02.28"]
[Round "3.1"]
[Result "1-0"]
[White "Wang Hao"]
[Black "Li Chao"]
[WhiteElo "2717"]
[BlackElo "2751"]
[PlyCount "87"]

1. d4 d5 2. c4 c6 3. Nc3 Nf6 4. e3 g6 5. Nf3 Bg7 6. Be2 O-O
7. O-O Bg4 8. cxd5 cxd5 9. Qb3 b6 10. h3 Bxf3 11. Bxf3 e6
12. Bd2 Nc6 13. Qa4 Qd7 14. Rfc1 Na5 15. Qxd7 Nxd7 16. Nb5
Rfc8 17. Rxc8+ Rxc8 18. Nxa7 Ra8 19. Bxa5 bxa5 20. Nc6 a4
21. Rc1 Bf8 22. Be2 Kg7 23. Kf1 Bd6 24. Ke1 Rc8 25. Kd1 Nb8
26. Na7 Rxc1+ 27. Kxc1 Bh2 28. Kd1 e5 29. g3 exd4 30. exd4 h5
31. Bf3 h4 32. gxh4 Bc7 33. Bxd5 Bd8 34. a3 Bxh4 35. Ke2 Bg5
36. Kd3 Bh4 37. f3 Bg5 38. Bc6 Bc1 39. Kc3 Na6 40. Bxa4 Nc7
41. Bc6 Kf6 42. Nb5 Ne6 43. a4 Nd8 44. Bd5 1-0

[Event "IMSA Elite Mind Games (Blitz)"]
[Site "Huai'an CHN"]
[Date "2016.02.28"]
[EventDate "2016.02.28"]
[Round "4.8"]
[Result "1/2-1/2"]
[White "Wang Hao"]
[Black "Gabriel Sargissian"]
[WhiteElo "2717"]
[BlackElo "2702"]
[PlyCount "75"]

1. d4 Nf6 2. c4 e6 3. Nc3 d5 4. cxd5 exd5 5. Bg5 c6 6. Qc2 Be7
7. e3 Nbd7 8. Bd3 Nh5 9. Bxe7 Qxe7 10. Nge2 Nb6 11. O-O g6
12. Rae1 O-O 13. Nc1 Ng7 14. f3 Bf5 15. e4 Be6 16. exd5 Nxd5
17. Nxd5 cxd5 18. Nb3 Rac8 19. Qd2 Qd6 20. g4 b6 21. Ba6 Rce8
22. Kg2 Bc8 23. Bxc8 Rxe1 24. Rxe1 Rxc8 25. Nc1 Ne6 26. Ne2 a5
27. a3 Rc4 28. Rc1 Qc7 29. Rxc4 Qxc4 30. Kf2 Qb3 31. h3 Qc4
32. Qc3 Qb5 33. b3 a4 34. bxa4 Qxa4 35. Qb4 Qc6 36. Qc3 Qb5
37. Qb4 Qc6 38. Qc3 1/2-1/2

[Event "IMSA Elite Mind Games (Blitz)"]
[Site "Huai'an CHN"]
[Date "2016.02.28"]
[EventDate "2016.02.28"]
[Round "5.2"]
[Result "1/2-1/2"]
[White "David Navara"]
[Black "Wang Hao"]
[WhiteElo "2734"]
[BlackElo "2717"]
[PlyCount "77"]

1. d4 Nf6 2. c4 e6 3. Nf3 d5 4. Nc3 c6 5. e3 Nbd7 6. Qc2 Bd6
7. Bd3 O-O 8. O-O dxc4 9. Bxc4 b5 10. Bd3 Bb7 11. a3 h6 12. e4
e5 13. dxe5 Nxe5 14. Nxe5 Bxe5 15. h3 Re8 16. Be3 Bd4 17. Rfe1
a6 18. Bxd4 Qxd4 19. Rad1 Qe5 20. Ne2 c5 21. f4 Qe7 22. e5 Nd5
23. Qc1 Rad8 24. Be4 Ba8 25. Kh2 h5 26. Ng3 g6 27. Bxd5 Rxd5
28. Rxd5 Bxd5 29. f5 h4 30. Nh5 gxh5 31. f6 Qf8 32. Qg5+ Kh7
33. e6 Bxe6 34. Rxe6 Rxe6 35. Qxh5+ Kg8 36. Qg5+ Kh7 37. Qh5+
Kg8 38. Qg5+ Kh7 39. Qh5+ 1/2-1/2

[Event "IMSA Elite Mind Games (Blitz)"]
[Site "Huai'an CHN"]
[Date "2016.02.28"]
[EventDate "2016.02.28"]
[Round "7.3"]
[Result "0-1"]
[White "Shakhriyar Mamedyarov"]
[Black "Wang Hao"]
[WhiteElo "2747"]
[BlackElo "2717"]
[PlyCount "64"]

1. d4 Nf6 2. c4 e6 3. Nc3 d5 4. Nf3 c6 5. e3 Nbd7 6. Bd3 dxc4
7. Bxc4 b5 8. Bd3 b4 9. Ne4 Nxe4 10. Bxe4 Bb7 11. O-O Nf6
12. Bd3 Qb6 13. a3 a5 14. e4 Be7 15. Be3 O-O 16. Qc2 Rfc8
17. d5 c5 18. dxe6 Qxe6 19. Ng5 Qg4 20. f3 Qh5 21. Bc4 Nd5
22. exd5 Bxg5 23. Bxg5 Qxg5 24. Rad1 Rd8 25. f4 Qf6 26. a4 h6
27. b3 Rd6 28. Qe2 Rad8 29. Qe5 Bxd5 30. Bxd5 Qxe5 31. fxe5
Rxd5 32. Rde1 Re8 0-1

[Event "IMSA Elite Mind Games (Blitz)"]
[Site "Huai'an CHN"]
[Date "2016.02.28"]
[EventDate "2016.02.28"]
[Round "8.6"]
[Result "0-1"]
[White "Wang Hao"]
[Black "Leinier Dominguez Perez"]
[WhiteElo "2717"]
[BlackElo "2732"]
[PlyCount "78"]

1. d4 d5 2. c4 dxc4 3. Nf3 Nf6 4. e3 e6 5. Bxc4 a6 6. Bb3 c5
7. O-O Be7 8. dxc5 Qxd1 9. Rxd1 Bxc5 10. Nbd2 Ke7 11. Nc4 Nc6
12. Nce5 Nxe5 13. Nxe5 Nd7 14. Nd3 Bd6 15. Bd2 b6 16. Bc3 Bb7
17. Nf4 Nf6 18. f3 Rhd8 19. Kf2 Rac8 20. Rd2 Bxf4 21. exf4
Rxc3 22. Rxd8 Rxb3 23. axb3 Kxd8 24. g3 Nd5 25. Ke2 a5 26. Re1
Nb4 27. Rc1 Bd5 28. Rc3 Na6 29. f5 exf5 30. Ke3 Nc5 31. b4
axb4 32. Rc2 Ke7 33. Rd2 Kd6 34. Rd4 b3 35. Rb4 Kc6 36. Rh4 h6
37. Rd4 b5 38. f4 Na4 39. Rd2 Kc5 0-1

[Event "IMSA Elite Mind Games (Blitz)"]
[Site "Huai'an CHN"]
[Date "2016.02.28"]
[EventDate "2016.02.28"]
[Round "9.4"]
[Result "1/2-1/2"]
[White "Evgeny Tomashevsky"]
[Black "Wang Hao"]
[WhiteElo "2728"]
[BlackElo "2717"]
[PlyCount "92"]

1. e4 e6 2. d4 d5 3. Nd2 c5 4. exd5 Qxd5 5. Ngf3 cxd4 6. Bc4
Qd6 7. O-O Nf6 8. Nb3 Nc6 9. Nbxd4 Nxd4 10. Nxd4 a6 11. Be2
Qc7 12. Bg5 Bd6 13. Kh1 Bd7 14. Bf3 Be5 15. c3 h6 16. Bh4 O-O
17. Re1 Rad8 18. Qe2 Bf4 19. g3 Bd6 20. Bxf6 gxf6 21. Rad1 Be5
22. Qe4 b5 23. Kg1 Rfe8 24. Rd3 Bc8 25. Nc6 Rxd3 26. Qxd3 Bd6
27. Rd1 Bf8 28. Qd4 f5 29. Qe5 Qxe5 30. Nxe5 Bg7 31. Bc6 Rf8
32. Nf3 Bf6 33. Kg2 Rd8 34. Rxd8+ Bxd8 35. Nd4 Bb6 36. f4 Kf8
37. Kf3 Ke7 38. Ke3 Kd6 39. Be8 f6 40. Ke2 e5 41. Nf3 Bb7
42. Bg6 Ke6 43. Bh7 Bxf3+ 44. Kxf3 Bc5 45. Bg8+ Ke7 46. Bh7
Ke6 1/2-1/2

[Event "IMSA Elite Mind Games (Blitz)"]
[Site "Huai'an CHN"]
[Date "2016.02.28"]
[EventDate "2016.02.28"]
[Round "10.5"]
[Result "1/2-1/2"]
[White "Wang Hao"]
[Black "Wang Yue"]
[WhiteElo "2717"]
[BlackElo "2718"]
[PlyCount "128"]

1. d4 Nf6 2. c4 e6 3. Nc3 Bb4 4. Qc2 O-O 5. a3 Bxc3+ 6. Qxc3
d5 7. Bg5 dxc4 8. Qxc4 b6 9. Rd1 Ba6 10. Qa4 Qd7 11. Qc2 Qc6
12. Qxc6 Nxc6 13. Bxf6 gxf6 14. e3 Bb7 15. Rc1 Rac8 16. Nf3
Rfd8 17. Be2 Ne7 18. Nd2 Kf8 19. Bf3 Bxf3 20. Nxf3 c5 21. dxc5
Rd5 22. Ke2 Rdxc5 23. Rxc5 Rxc5 24. Kd3 Nd5 25. Rd1 Ke7 26. g3
f5 27. Nd4 a6 28. Nb3 Rc8 29. Rc1 Rxc1 30. Nxc1 Kd6 31. Ne2
Nf6 32. f3 Nd7 33. Nd4 Ne5+ 34. Kc3 Kd5 35. b3 h6 36. h3 Nd7
37. a4 Ne5 38. g4 fxg4 39. hxg4 Nd7 40. Ne2 Ne5 41. Nd4 Nd7
42. Nc2 a5 43. Nd4 Nc5 44. Ne2 f5 45. gxf5 exf5 46. Ng3 Ke6
47. Kc4 Nd7 48. Kb5 Nc5 49. Kxb6 Nxb3 50. Nh5 Ke5 51. Kb5 Ke6
52. f4 Kd5 53. Ng3 Ke6 54. Kc4 Nd2+ 55. Kd3 Nb3 56. Kc4 Nd2+
57. Kc3 Ne4+ 58. Nxe4 fxe4 59. Kd2 Kf5 60. Ke2 Kg4 61. Kf2 h5
62. Kg2 Kh4 63. Kh2 Kg4 64. Kg2 Kh4 1/2-1/2

[Event "IMSA Elite Mind Games (Blitz)"]
[Site "Huai'an CHN"]
[Date "2016.02.29"]
[EventDate "2016.02.28"]
[Round "12.4"]
[Result "1-0"]
[White "Wang Hao"]
[Black "Rauf Mamedov"]
[WhiteElo "2717"]
[BlackElo "2650"]
[PlyCount "117"]

1. d4 g6 2. e4 Bg7 3. Nc3 a6 4. Nf3 d6 5. Be2 Nf6 6. O-O O-O
7. Re1 Nc6 8. h3 e5 9. Be3 exd4 10. Nxd4 Bd7 11. Bf1 Re8
12. Nxc6 Bxc6 13. Bd4 b5 14. a3 Bb7 15. f3 c5 16. Bf2 Qc7
17. Qd2 Rad8 18. Rad1 h6 19. Bg3 Qb6 20. Kh1 d5 21. exd5 Rxe1
22. Qxe1 Nxd5 23. Nxd5 Rxd5 24. Qe8+ Kh7 25. Qxf7 Rf5 26. Qe7
Bd5 27. Bd3 Rf7 28. Qe8 Qe6 29. Qxe6 Bxe6 30. c3 Bb3 31. Rd2
h5 32. Be4 Be6 33. Rd6 Bf5 34. Bxf5 gxf5 35. Rxa6 Rd7 36. Bf4
c4 37. Rb6 Rd5 38. Kh2 h4 39. Rb7 Kg6 40. Rb6+ Kf7 41. Rb7+
Kg6 42. a4 bxa4 43. Rb4 Bf8 44. Rxa4 Rb5 45. Rxc4 Rxb2
46. Rc6+ Kf7 47. Bg5 Bg7 48. Bxh4 Rc2 49. Bg3 Bf6 50. c4 Re2
51. Bf4 Bh4 52. Rd6 Re1 53. Rd2 Rb1 54. Rc2 Bf6 55. c5 Rb4
56. c6 Rxf4 57. c7 Be5 58. c8=Q Rxf3+ 59. g3 1-0

[Event "IMSA Elite Mind Games (Blitz)"]
[Site "Huai'an CHN"]
[Date "2016.02.29"]
[EventDate "2016.02.28"]
[Round "13.6"]
[Result "0-1"]
[White "Ruslan Ponomariov"]
[Black "Wang Hao"]
[WhiteElo "2712"]
[BlackElo "2717"]
[PlyCount "86"]

1. e4 e6 2. d4 d5 3. Nc3 Nf6 4. e5 Nfd7 5. f4 c5 6. Nf3 Nc6
7. Be3 a6 8. Qd2 b5 9. Be2 Qb6 10. Nd1 cxd4 11. Nxd4 Nxd4
12. Bxd4 Bc5 13. c3 b4 14. O-O a5 15. Bg4 O-O 16. Ne3 Ba6
17. Rfe1 g6 18. Nxd5 exd5 19. Bxd7 Bc8 20. Bxc8 Raxc8 21. Rad1
bxc3 22. bxc3 Qe6 23. Qe3 Bxd4 24. Rxd4 Rc5 25. Red1 Rfc8
26. R1d3 Qc6 27. Kf2 Kg7 28. h3 h5 29. f5 gxf5 30. Qf4 Qe6
31. Rg3+ Kf8 32. Qg5 Ke8 33. Qxh5 Rxc3 34. Rg8+ Kd7 35. Rg7
Rc2+ 36. Kg1 Rc1+ 37. Rd1 Rxd1+ 38. Qxd1 Qxe5 39. Rxf7+ Ke6
40. Rh7 Qe3+ 41. Kh2 Rc1 42. Qf3 Qe5+ 43. g3 Rc2+ 0-1

[Event "IMSA Elite Mind Games (Blitz)"]
[Site "Huai'an CHN"]
[Date "2016.02.29"]
[EventDate "2016.02.28"]
[Round "14.3"]
[Result "1/2-1/2"]
[White "Wang Hao"]
[Black "Sergei Movsesian"]
[WhiteElo "2717"]
[BlackElo "2653"]
[PlyCount "102"]

1. d4 d5 2. c4 c6 3. Nf3 Nf6 4. e3 Bg4 5. Nc3 e6 6. Qb3 Qb6
7. Nh4 Be7 8. h3 Bh5 9. g4 Bg6 10. Nxg6 hxg6 11. Bg2 g5
12. Bd2 Nbd7 13. O-O O-O 14. Rfd1 Rfe8 15. Rac1 Nf8 16. c5 Qc7
17. e4 Nxe4 18. Nxe4 dxe4 19. Bxe4 Rad8 20. Rc4 Bf6 21. Qa4
Rd7 22. Kg2 a6 23. Ba5 Qf4 24. Qc2 Bd8 25. Bd2 Qf6 26. Qc1 Ng6
27. Bxg6 Qxg6 28. Be3 Bf6 29. Qc2 Qxc2 30. Rxc2 Red8 31. Rcd2
Rd5 32. Kf3 Be7 33. Ke2 f5 34. f3 Kf7 35. b4 Bf6 36. a4 Rh8
37. Rh1 Re8 38. h4 e5 39. Bxg5 exd4+ 40. Kf2 Bxg5 41. hxg5 f4
42. Rhd1 Red8 43. Rd3 Kg6 44. Re1 R8d7 45. Re4 Kxg5 46. a5 g6
47. Kg2 Rd8 48. Re7 R8d7 49. Re4 Rd8 50. Re7 R5d7 51. Re4 Rd5
1/2-1/2

[Event "IMSA Elite Mind Games (Blitz)"]
[Site "Huai'an CHN"]
[Date "2016.02.29"]
[EventDate "2016.02.28"]
[Round "15.7"]
[Result "0-1"]
[White "Radoslaw Wojtaszek"]
[Black "Wang Hao"]
[WhiteElo "2727"]
[BlackElo "2717"]
[PlyCount "90"]

1. d4 Nf6 2. c4 e6 3. Nc3 d5 4. cxd5 exd5 5. Bg5 c6 6. Qc2 Be7
7. e3 Nbd7 8. Bd3 Nh5 9. Bxe7 Qxe7 10. Nge2 g6 11. O-O O-O
12. Rae1 Nb6 13. Nc1 Ng7 14. f3 Bf5 15. e4 Be6 16. Nb3 dxe4
17. fxe4 Rad8 18. Ne2 Bxb3 19. Qxb3 Ne6 20. Qc3 Qd7 21. d5
cxd5 22. exd5 Qxd5 23. Bb1 Qc5+ 24. Qxc5 Nxc5 25. Nc3 Rfe8
26. Rxe8+ Rxe8 27. b4 Ne6 28. Nb5 a6 29. Nd6 Re7 30. Be4 Nd8
31. Bc2 f5 32. Bb3+ Kg7 33. Rd1 Nc6 34. a3 Re3 35. Bc2 Rxa3
36. Nxb7 Nxb4 37. Bb1 N4d5 38. Re1 a5 39. Nc5 a4 40. h3 Rc3
41. Ne6+ Kf6 42. Nd4 a3 43. Ba2 Rd3 44. Nc6 Rd2 45. Bb3 Nf4
0-1

[Event "IMSA Elite Mind Games (Blitz)"]
[Site "Huai'an CHN"]
[Date "2016.02.29"]
[EventDate "2016.02.28"]
[Round "16.2"]
[Result "1-0"]
[White "Pentala Harikrishna"]
[Black "Wang Hao"]
[WhiteElo "2753"]
[BlackElo "2717"]
[PlyCount "57"]

1. e4 e6 2. d4 d5 3. Nd2 c5 4. exd5 Qxd5 5. Ngf3 cxd4 6. Bc4
Qd6 7. O-O Nf6 8. Nb3 Nc6 9. Nbxd4 Nxd4 10. Nxd4 a6 11. Re1
Qc7 12. Bd3 h6 13. Qf3 Bd6 14. h3 Bh2+ 15. Kh1 Be5 16. Qe3 Nd7
17. f4 Bxd4 18. Qxd4 O-O 19. b3 Nf6 20. Bb2 Bd7 21. Re3 Nh5
22. Be2 e5 23. fxe5 Be6 24. Bxh5 Rfd8 25. Qc3 Qe7 26. Qe1 Rac8
27. c4 b5 28. cxb5 Rc2 29. Re2 1-0

[Event "IMSA Elite Mind Games (Blitz)"]
[Site "Huai'an CHN"]
[Date "2016.02.29"]
[EventDate "2016.02.28"]
[Round "17.8"]
[Result "1-0"]
[White "Wang Hao"]
[Black "Laurent Fressinet"]
[WhiteElo "2717"]
[BlackElo "2700"]
[PlyCount "93"]

1. d4 Nf6 2. c4 g6 3. Nf3 Bg7 4. g3 O-O 5. Bg2 d6 6. O-O Nc6
7. Nc3 Bf5 8. Ne1 Bd7 9. h3 e5 10. d5 Ne7 11. Nd3 b6 12. e4
Ne8 13. b4 a5 14. bxa5 Rxa5 15. a4 f5 16. Bd2 Nf6 17. Qe2 fxe4
18. Nxe4 Rxa4 19. Rxa4 Bxa4 20. Nxf6+ Bxf6 21. g4 g5 22. Be4
Ng6 23. Ra1 Bd7 24. Bxg6 hxg6 25. Qe4 Kg7 26. Kg2 Qb8 27. Ne1
b5 28. Nf3 bxc4 29. Rc1 Qb6 30. Qxc4 Bd8 31. Be3 Qb2 32. Rc2
Qb1 33. Rc1 Qb2 34. Qe4 Qa2 35. Rc2 Qb1 36. Nd2 Qb5 37. Nf3
Qb1 38. Bxg5 Rxf3 39. Qxf3 Qxc2 40. Bxd8 Kg8 41. Be7 Be8
42. Qf8+ Kh7 43. Bg5 Qe4+ 44. Kh2 Qe2 45. Be3 Bb5 46. Qf7+ Kh8
47. Bh6 1-0

[Event "IMSA Elite Mind Games (Blitz)"]
[Site "Huai'an CHN"]
[Date "2016.02.29"]
[EventDate "2016.02.28"]
[Round "18.1"]
[Result "1-0"]
[White "Li Chao"]
[Black "Wang Hao"]
[WhiteElo "2751"]
[BlackElo "2717"]
[PlyCount "57"]

1. d4 Nf6 2. c4 e6 3. g3 d5 4. Bg2 Be7 5. Nf3 O-O 6. O-O dxc4
7. Ne5 Nc6 8. Nxc6 bxc6 9. Na3 Bxa3 10. bxa3 Ba6 11. Qd2 Rb8
12. Qa5 Qc8 13. e4 Rd8 14. Rd1 Rb5 15. Qc3 c5 16. d5 exd5
17. exd5 Qf5 18. Bf4 Ne8 19. Qxc4 Nd6 20. Qa4 Rb6 21. Re1 g5
22. Be3 Re8 23. Rac1 Rb2 24. g4 Qf6 25. Bxc5 Rxe1+ 26. Rxe1
Bc4 27. Qxc4 Nxc4 28. Re8+ Kg7 29. Bf8+ 1-0

[Event "IMSA Elite Mind Games (Blitz)"]
[Site "Huai'an CHN"]
[Date "2016.02.29"]
[EventDate "2016.02.28"]
[Round "19.8"]
[Result "0-1"]
[White "Gabriel Sargissian"]
[Black "Wang Hao"]
[WhiteElo "2702"]
[BlackElo "2717"]
[PlyCount "76"]

1. d4 Nf6 2. c4 e6 3. Nc3 Bb4 4. Nf3 b6 5. Bd2 Bb7 6. g3 O-O
7. Bg2 d6 8. O-O Nbd7 9. Qc2 h6 10. Rfd1 Bxc3 11. Bxc3 Be4
12. Qd2 a5 13. b3 Qb8 14. Bh3 Re8 15. Ne1 Bh7 16. f3 d5
17. Nd3 Qb7 18. cxd5 exd5 19. Ne5 Nf8 20. Rac1 Ne6 21. a4 Rad8
22. Bb2 c5 23. e3 cxd4 24. exd4 Ng5 25. Bg2 Nd7 26. h4 Ne6
27. Re1 Rc8 28. Kh2 Rxc1 29. Rxc1 Nxe5 30. dxe5 Nc5 31. Qe3
Nd3 32. Rc2 Nxe5 33. Re2 Ng4+ 34. fxg4 Rxe3 35. Rxe3 Be4
36. Bxe4 dxe4 37. Be5 Qd5 38. Bc3 Qxb3 0-1

[Event "IMSA Elite Mind Games (Blitz)"]
[Site "Huai'an CHN"]
[Date "2016.02.29"]
[EventDate "2016.02.28"]
[Round "20.2"]
[Result "1-0"]
[White "Wang Hao"]
[Black "David Navara"]
[WhiteElo "2717"]
[BlackElo "2734"]
[PlyCount "47"]

1. d4 d5 2. c4 c6 3. Nf3 Nf6 4. e3 Bg4 5. Nc3 e6 6. Qb3 Qb6
7. Nh4 Bh5 8. h3 Qxb3 9. axb3 Na6 10. g4 Nb4 11. Kd1 Bg6
12. Nxg6 hxg6 13. g5 Nd7 14. f4 Be7 15. Rg1 O-O 16. Bd2 c5
17. cxd5 cxd4 18. dxe6 dxc3 19. bxc3 Nc5 20. exf7+ Kh7
21. cxb4 Nxb3 22. Bc4 Nxd2 23. Kxd2 Rac8 24. Rg4 1-0

[Event "IMSA Elite Mind Games (Blitz)"]
[Site "Huai'an CHN"]
[Date "2016.03.01"]
[EventDate "2016.02.28"]
[Round "22.3"]
[Result "1/2-1/2"]
[White "Wang Hao"]
[Black "Shakhriyar Mamedyarov"]
[WhiteElo "2717"]
[BlackElo "2747"]
[PlyCount "122"]

1. d4 Nf6 2. c4 b6 3. Nc3 Bb7 4. Nf3 e6 5. Qc2 d5 6. cxd5 exd5
7. Bg5 Nbd7 8. e3 Be7 9. Bd3 h6 10. Bh4 O-O 11. O-O Re8
12. Rad1 Rc8 13. Bf5 c5 14. dxc5 Rxc5 15. Nd4 Ne4 16. Bxe4
Bxh4 17. Bh7+ Kh8 18. Bf5 g6 19. Bh3 Ne5 20. g3 Bf6 21. Bg2
Rc7 22. Qb3 Nc4 23. Ndb5 Rc5 24. Nxa7 Nxb2 25. Qxb2 Bxc3
26. Qb3 Bg7 27. Nb5 Qd7 28. Nd4 Qd6 29. Rb1 Ba6 30. Rfd1 Rb8
31. Qa3 Bc4 32. Qa7 Qc7 33. Qxc7 Rxc7 34. Nb5 Rc5 35. a4 Rd8
36. Nd4 Ra8 37. Nb3 Rc6 38. Rxd5 Rcc8 39. Rd6 Rxa4 40. Rxb6
Ra2 41. Nd4 Bxd4 42. exd4 Rd2 43. Rd6 Bd3 44. Re1 Kg7 45. Bf1
Bf5 46. Ra6 Rcc2 47. Ra7 Rxf2 48. d5 Rfd2 49. Ree7 Kf6
50. Rxf7+ Kg5 51. Ra4 Rc1 52. Rf4 h5 53. d6 Bh3 54. d7 Bxd7
55. Rf2 Rdd1 56. h4+ Kh6 57. Kh2 Bf5 58. Bg2 Rc8 59. Rb2 Rcd8
60. Rbb7 R1d7 61. Rbxd7 Rxd7 1/2-1/2

[Event "IMSA Elite Mind Games (Blitz)"]
[Site "Huai'an CHN"]
[Date "2016.03.01"]
[EventDate "2016.02.28"]
[Round "23.6"]
[Result "1-0"]
[White "Leinier Dominguez Perez"]
[Black "Wang Hao"]
[WhiteElo "2732"]
[BlackElo "2717"]
[PlyCount "95"]

1. d4 Nf6 2. Nf3 d5 3. c4 e6 4. Nc3 c6 5. g3 Nbd7 6. Bg2 Be7
7. O-O O-O 8. b3 a6 9. Nd2 b5 10. e4 dxc4 11. bxc4 e5 12. d5
Bb7 13. Rb1 Nc5 14. Nb3 cxd5 15. cxd5 Rc8 16. Be3 Nxb3
17. Rxb3 Qa5 18. d6 Rfd8 19. dxe7 Rxd1 20. Rxd1 Qc7 21. Nd5
Bxd5 22. exd5 Qxe7 23. d6 Qd7 24. a4 h6 25. axb5 axb5 26. Ra3
Rd8 27. Bb6 Rb8 28. Bc7 Re8 29. h3 e4 30. Bb6 b4 31. Ra7 Qb5
32. Be3 Nd7 33. Bf1 Qc6 34. Rc7 Qa4 35. Rd4 Rb8 36. Kg2 Kh7
37. Bc4 Ne5 38. Bd5 Qe8 39. Bxe4+ g6 40. d7 Qd8 41. Ra7 b3
42. Rd5 Nc6 43. Ra4 b2 44. Bb1 Qe7 45. Rc4 Nd8 46. Re4 Qf6
47. Re8 Qc6 48. Re5 1-0

[Event "IMSA Elite Mind Games (Blitz)"]
[Site "Huai'an CHN"]
[Date "2016.03.01"]
[EventDate "2016.02.28"]
[Round "24.4"]
[Result "1/2-1/2"]
[White "Wang Hao"]
[Black "Evgeny Tomashevsky"]
[WhiteElo "2717"]
[BlackElo "2728"]
[PlyCount "151"]

1. d4 Nf6 2. c4 e6 3. Nc3 Bb4 4. Qc2 O-O 5. a3 Bxc3+ 6. Qxc3
d6 7. Nf3 Nbd7 8. g3 b6 9. Bg2 Bb7 10. O-O Be4 11. b3 a5
12. Bb2 Qb8 13. Rac1 Qb7 14. Rfd1 Rfc8 15. Bh3 b5 16. Nd2 bxc4
17. bxc4 Rcb8 18. Ba1 Bg6 19. Bg2 c6 20. e4 d5 21. e5 Ne8
22. c5 Nc7 23. h4 h6 24. Qe3 a4 25. Bc3 Qc8 26. g4 Qd8 27. Qg3
Nb5 28. Ba1 Rb7 29. Re1 Rab8 30. Re3 Qa5 31. Nf1 Nc7 32. Bc3
Qa8 33. Nd2 Nb5 34. Ba1 Qa5 35. Nf1 Qd8 36. Rce1 Nf8 37. h5
Bh7 38. f4 Nc7 39. Nd2 Nb5 40. Kh2 Nc7 41. Qf2 Ne8 42. Bc3 f5
43. exf6 Nxf6 44. Qg3 Ne4 45. Nxe4 Bxe4 46. Bb4 Bxg2 47. Kxg2
Rf7 48. Re5 Qf6 49. f5 exf5 50. Rxf5 Qd8 51. Rxf7 Kxf7 52. Qd6
Qxd6 53. cxd6 Re8 54. Rf1+ Ke6 55. Bc5 Nd7 56. Rb1 Rc8
57. Re1+ Kf6 58. Re7 Nxc5 59. dxc5 Rb8 60. Rc7 d4 61. Rxc6 Ke6
62. Kf3 Rb3+ 63. Ke4 d3 64. Ke3 Rxa3 65. Rc7 Rc3 66. Re7+ Kf6
67. Re8 d2+ 68. Kxd2 Rxc5 69. Ke3 Rd5 70. Ra8 Rxd6 71. Rxa4
Kg5 72. Re4 Rf6 73. Ra4 Kh4 74. Ra7 Kxg4 75. Rxg7+ Kxh5
76. Ke4 1/2-1/2